000 00768nam a2200205 i 4500
001 62166
003 ES-MaACL
005 20240306142523.0
007 t|
008 031118s1932 sp |||| | spa d
100 1 _aFeder, G.
_949054
245 1 0 _aPrograma del P.N.S.T.A. (Partido Nacional Socialista de Trabajadores Alemanes)
_b: su pensamiento fundamental respecto al mundo /
_cpor G. Feder ; traducción directa del alemán por M. Fernanda de Pereda y Torres-Quevedo.
260 _aMadrid :
_b[Hernando],
_c1932.
300 _a120 p. ;
_c18 cm.
610 2 4 _aPartido Nacionalsocialista Obrero Alemán.
_9169912
650 4 _aNacionalsocialismo
_915470
700 1 _aPereda, María Fernanda de.
_990451
852 _aES-MaACL
_jA-1145
999 _c62166
_d62166